Podkarpatská Rus v rané době dějinné

Bibliographic Details
Main Author: Ondrouch, Vojtech, 1891-1963 (Author)
Format: Book
Language:Czech
PhysicalDescription:22 s. 24 cm
Published: Praha Státní tiskárna 1936
Edition:1. čes. vyd.
Subjects:

MARC

LEADER 00000cam a2200000 a 4500
001 vtls001465741
003 SK-MaSNL
005 20260301121726.0
008 250313s1936 xr g 2 00000 cze
015 |a SNBA1936 
035 |a SNK000421046 
035 |a urn:nbn:sk:snk-am3hkq3 
035 |a BFB7D397-2642-4253-9D5B-C76356D18CCC 
035 |a urn:nbn:sk:snk-am00d3sx 
040 |a SNK  |b slo  |c SNK  |e AACR2 
041 0 |a cze  |b ger 
044 |a xr  |c CZ 
080 |a (437.7)  |2 2011 
080 |a (04)  |2 2011 
080 |a 94(3)  |2 2011 
100 1 |a Ondrouch, Vojtech,  |d 1891-1963  |4 aut 
245 1 0 |a Podkarpatská Rus v rané době dějinné  |c Vojtech Ondrouch 
250 |a 1. čes. vyd. 
260 |a Praha  |b Státní tiskárna  |c 1936 
300 |a 22 s.  |c 24 cm 
500 |a Zvláštní otisk Časopisu Společnosti přátel starožitností čsl. v Praze, roč. XLIV (1936) č. 1-2 
504 |a Bibliografické odkazy 
546 |a Resumé v nemčine 
650 0 7 |a starovek  |2 SNKPH  |9 4258 
651 7 |a Podkarpatská Rus  |2 SNKPHgeo  |9 56369 
655 7 |a separáty  |2 SNKPH  |9 70334 
852 |a Slovenská národná knižnica 
958 |a NB 
958 |a OND 
999 |c 730438  |d 732368 
952 |t P60, <04>, [BOOK], {604}  |a SNK  |b SNK  |y VYP  |7 0  |p 17A0407142  |o snkSC 3041/9 D1  |i snkF 1458/67  |0 0  |1 0  |4 0  |d 2004-01-08  |l 0  |r 2005-01-02 00:00:00  |w 2026-02-23 
952 |a SNK  |b SNK  |y PREZ  |7 0  |p 17A0755432  |o snkSC 3041/9  |i snk968/43  |z Na titulnom liste: V Bratislavě dne 15/2 1937. Věnuje přátelsky V. Ondrouch  |0 0  |1 0  |4 0  |d 2011-11-29  |f 1  |l 0  |r 2025-06-17 00:00:00  |w 2026-02-23